Anecdote - Vrai ou Faux ? - Statistiques

Statistiques générales
  • Ce quiz a été pris 118 fois
  • Le résultat moyen est 8 sur 15
Statistiques - réponses
Question Réponse % Correct
Un koala dort tellement qu'il passe en moyenne 22 heures par jour à faire la sieste vrai
82%
Les pingouins mâles offrent des cailloux aux femelles qu'ils veulent séduire. vrai
73%
Une vache a réussi à s’échapper d’un abattoir, puis a vécu seule dans une forêt pendant 6 ans avant d’être retrouvée. vrai
71%
En 2019, un chat a été élu maire honoraire d'une petite ville aux États-Unis. vrai
67%
Le plus grand nombre de hot-dogs mangés en 10 minutes est de 76. vrai
64%
Un grizzly peut courir aussi vite qu'un cheval sur une courte distance. vrai
62%
Un poisson rouge peut mémoriser un événement jusqu'à 5 mois en arrière. vrai
60%
Napoléon détestait les chats à tel point qu'il a ordonné leur extermination en France. faux
47%
Dans l’Antiquité, les Romains utilisaient des toiles d’araignées comme pansements. vrai
42%
Les escargots peuvent dormir pendant trois ans s'ils le souhaitent. vrai
42%
En 1976, l’Angleterre a accidentellement envoyé un satellite avec une recette de pudding en guise de signal. faux
36%
Il est impossible de chatouiller un chameau. faux
36%
Dans les années 1980, un homme a tenté de breveter la "respiration" comme son invention faux
27%
Un homme a gagné une compétition de danse en moonwalkant non-stop pendant 36 heures. faux
27%
En Suède, il existe un concours annuel de sauts en sacs organisé dans un IKEA. faux
18%
Aucun quiz correspondant
Distribution des résultats
% des personnes avec chaque résultat
Percentile par nombre de réponses
Votre historique - résultats
Vous n’avez pas pris ce quiz